000 00289nam a2200097Ia 4500
008 220204s9999 xx 000 0 und d
082 _a354
_bCIV
245 0 _aCivil list: Indian administrative service and Indian Police Service
260 _aDelhi
_bManager of Publications
_c1957
942 _cBK
999 _c19817
_d19817